000 00748cab a2200241 4500
001 ABS39873
008 090401t1988 xxu||||| |||| 00| 0 eng d
035 _a(Sirsi) u19673
041 _aeng
100 _aJoseph, H.
245 _aOpting out of s52 agreements
260 _c1988
350 _a0
490 _aLaw Society`s Gazette
_v85(36) 5 October 1988, 35-36(2)
520 _aExamines s52 agreements in light of the decision in Re Martin`s Application , CA 10 May 1988, see WB2421-35.
650 _aLAW OF PROPERTY ACT 1925 S84
650 _aPLANNING AGREEMENTS
650 _aRESTRICTIVE COVENANTS
650 _aTOWN AND COUNTRY PLANNING ACT 1971 S52
690 _aPLANNING LAW AND PRACTICE
942 _n0
948 _c04/03/1997
999 _c13162
_d13162